000 00642nam a2200229 4500
003 OSt
005 20260601171000.0
008 260508b2014\\\\mx\|||||\||||\00|\0\spa\d
020 _a9786075165837
040 _aICI
_bspa
_cICI
041 _aspa
050 _aNA756.H34
_bA73 2012
100 1 _aPoniatowska, Elena
_dautora
_931201
245 1 _aOscar Hagerman & Arquitectura y Diseño
264 _aMéxico
_bArquine
_c2014
300 _a252 páginas.
_bilustraciones
336 _atexto
_2rdacontent
337 _asin medio
_2rdamedia
338 _avolumen
_2rdacarrier
700 _aHagerman, Oscar
_enarrador
_931202
942 _2lcc
_cB
_n1
999 _c20013
_d20013